| 000 | 02731nam a2200517Ia 4500 | ||
|---|---|---|---|
| 001 | dia_6487 | ||
| 003 | CHAP | ||
| 005 | 20241111133045.0 | ||
| 007 | ta | ||
| 008 | 220117s2016 mx bdeofr 001 0 spa d | ||
| 040 |
_cCHAP _amxchpua |
||
| 090 |
_aT.C.736 _bL67 EIUPA _c2017 |
||
| 245 | 1 | 0 |
_aPropuesta de una planta agroindustrial de productos lácteos en la región de el Rosario, Sonora / _ccoordinador Vicente López Bautista ; colaboradores Joel Cruz Cruz...[et al.] |
| 260 |
_aMéxico : _bEl autor, _c2016 |
||
| 300 |
_acerca 100 hojas : _bmapas, gráficas, diagramas, tablas, fotos, planos + _e1 CD-ROM |
||
| 336 |
_2rdacontent _atexto _btxt |
||
| 337 |
_2rdamedia _ano mediado _bn |
||
| 338 |
_2rdacarrier _avolumen _bnc |
||
| 500 | _a7° año Grupo 3 -- El CD contiene reporte y planos | ||
| 502 |
_aViaje de Estudios _b(EIUPA) -- _cUACh. Departamento de Ingeniería Agroindustrial, _d2016 |
||
| 504 | _aIncluye bibliografía | ||
| 505 | _a5 planos -- 1. Plano de distribución de áreas (Esc. 1:100) -- 2. Plano de distribución de equipo -- 3. Diagrama de recorrido -- 4. Plano de iluminación (Esc. 1:100) -- 5. Plano de distribución de motores (Esc. 1:100) | ||
| 530 | _aDisponible en PDF | ||
| 650 | 1 | 0 |
_aIndustria lechera _zMéxico _zSonora _9147028 |
| 650 | 1 | 0 |
_aIniciativa empresarial _zMéxico _9152317 |
| 650 | 1 | 3 |
_aProductos lácteos _992124 |
| 650 | 1 | 0 |
_aDairy industry _zMexico _zSonora _9147026 |
| 650 | 1 | 3 |
_aDairy products _9147027 |
| 650 | 1 | 0 |
_aEntrepreneurship _zMexico _9152316 |
| 700 | 1 |
_aLópez Bautista, Vicente _9147030 _ecoordinador |
|
| 700 | 1 |
_aCruz Cruz, Joel _9152233 _ecolaborador |
|
| 856 | 4 | 1 |
_uhttp://10.13.5.2/ve/TC736_EIUPA/TC736_EIUPA_2017-PLANO_DE_DISTRIBUCION_DE_AREAS.pdf _yDESCARGAR PLANO DE DISTRIBUCIÓN DE ÁREAS |
| 856 | 4 | 1 |
_uhttp://10.13.5.2/ve/TC736_EIUPA/TC736_EIUPA_2017-PLANO_DE_DISTRIBUCION_DE_EQUIPOS.pdf _yDESCARGAR PLANO DE DISTRIBUCIÓN DE EQUIPO |
| 856 | 4 | 1 |
_uhttp://10.13.5.2/ve/TC736_EIUPA/TC736_EIUPA_2017-DIAGRAMA_DE_RECORRIDO.pdf _yDESCARGAR DIAGRAMA DE RECORRIDO |
| 856 | 4 | 1 |
_uhttp://10.13.5.2/ve/TC736_EIUPA/TC736_EIUPA_2017-PLANO_DE_ILUMINACION.pdf _yDESCARGAR PLANO DE ILUMINACIÓN |
| 856 | 4 | 1 |
_uhttp://10.13.5.2/ve/TC736_EIUPA/TC736_EIUPA_2017-PLANO_DE_DISTRIBUCION_DE_MOTORES.pdf _yDESCARGAR PLANO DE DISTRIBUCIÓN DE MOTORES |
| 856 | 4 | 1 |
_uhttp://10.13.5.2/ve/TC736_EIUPA/TC736_EIUPA_2017-VAPOR.pdf _yDESCARGAR PLANO DE VAPOR |
| 856 | 4 | 1 |
_uhttp://10.13.5.2/ve/TC736EIUPA/TC736EIUPA2017-REPORTE.pdf _yDESCARGAR REPORTE |
| 901 | _aT.C.736 L67 EIUPA 2017 | ||
| 902 | _aM | ||
| 905 | _a5232272016 mx dmel8223123322spa16 | ||
| 942 | _2local | ||
| 942 | _cVE | ||
| 999 |
_c177593 _d177593 |
||